| 000 | nam a22 a 4500 | ||
|---|---|---|---|
| 999 |
_c2197 _d2197 |
||
| 005 | 20170515152850.0 | ||
| 008 | 170515b2001 -uk||||| |||| 00| 0 eng d | ||
| 020 | _a1858002036 (cased) : | ||
| 040 | _aAKMAL | ||
| 082 | _a364.163 BRE | ||
| 090 |
_a364.136 _bBRE |
||
| 100 |
_aBrennan, Niamh. _94624 |
||
| 245 | 1 | 0 |
_aForensic accounting _cNiamh Brennan and John Hennessy. |
| 260 |
_aDublin : _bRound Hall Sweet & Maxwell, _c2001. |
||
| 300 |
_alxxiii, 941 p. ; _c25cm |
||
| 500 | _a Includes index. | ||
| 599 | _aDALAM PROSES | ||
| 650 | 0 |
_aForensic accounting _zIreland. _94625 |
|
| 650 | 0 |
_aFraud investigation _zIreland. _94626 |
|
| 650 | 0 |
_aEvidence, Expert _zIreland. _94627 |
|
| 700 | 1 |
_aHennessy, John _c(Barrister-at-law) _94628 |
|
| 852 | 4 | 1 |
_aBritish Library _bHMNTS |
| 942 |
_2ddc _cBOOK |
||